NASCAR 2022 Recap Quiz - Statistics

General Stats
  • This quiz has been taken 123 times
  • The average score is 12 of 15
Answer Stats
Hint Answer % Correct
Who won the championship? Joey Logano
99%
Bubba Wallace was suspended for wrecking whom at Las Vegas? Kyle Larson
95%
At which track did Ross Chasten execute his last lap Hail Melon? Martinsville
94%
How many different winners were there this season? 19
93%
Which driver suffered a season-ending concussion in qualifying at Pocono? Kurt Busch
90%
Brad Keselowski became part owner of which former team? Roush Fenway Racing
90%
Where was the season-opening Clash held? LA Memorial Coliseum
87%
Which driver won the most races this season? Chase Elliott
83%
Who captured his second Southern 500 win? Erik Jones
76%
F1 champ Kimi Raikkonen made his Cup debut at which track? Watkins Glen
76%
Which organization scored their first career victory this year? Trackhouse Racing
73%
Mileage-wise, a new record for longest race ever was set at which track? Charlotte
70%
Jimmie Johnson will become part owner of which team next year? Petty GMS Racing
67%
Which driver scored their first three career wins this year? Tyler Reddick
61%
Which racetrack began hosting races again for the first time in decades? North Wilkesboro
46%
No matching quizzes found
Score Distribution
Percent of People with Each Score
Percentile by Number Answered
Your Score History
You have not taken this quiz